00826 2200313 4500001002100000005001500021035002000036007000300056040001700059100002900076245005000105250001200155300003500167020002200202041000800224082000800232084001400240090002000254264003300274336002100307337003000328338002300358650001100381850001000392008004100402990002300443990002300466990002300489INLIS00000000000887220260513024440 a0010-1022000247ta aSBPUPADbind0 aS. Nur AesyahePengarang1 aEropa Modern /cS. Nur Aesyah ; editor, Inung a.-cet.1 aiii, 60 hlm. :bilus. ;c21 cm a978-979-021-300-5 aind a949 a949 NUR e a949 NUR e 25-13 a.--Semarang :bBengawan Ilmu 2rdacontentateks 2rdamediaatanpa perantara 2rdacarrieravolume 4aLautan aPUPAD260513 0  a13406/Br/KAPD/2010 a13404/Br/KAPD/2010 a13405/BR.KAPD/2010